|
|
|
|
| LEADER |
00000nab a2200000 a 4500 |
| 001 |
vtls000646917 |
| 003 |
SK-MaSNL |
| 005 |
20260304090348.0 |
| 008 |
250425c1997 xo 0 slo |
| 015 |
|
|
|a SNBRB19rr/mm-uuuuu
|
| 035 |
|
|
|a CL0647056
|
| 035 |
|
|
|a urn:nbn:sk:snk-abdpsa
|
| 035 |
|
|
|a (urnnbn)urn:nbn:sk:snk:ar-001qp2
|
| 035 |
|
|
|a (uuid)d8dbf5a5-ce29-4f1e-a4ca-ceff98f10744
|
| 040 |
|
|
|a SNKBUCL
|b slo
|c SNKBUCL
|e AACR2
|
| 041 |
0 |
|
|a slo
|
| 044 |
|
|
|a xo
|c SK
|
| 080 |
|
|
|a 728.222(437.6)
|2 1981
|
| 100 |
1 |
|
|a Kočiš, Ladislav
|4 aut
|9 444274
|
| 245 |
1 |
0 |
|a Sociálne bývanie a príklad Košíc
|c Ladislav Kočiš
|
| 300 |
|
|
|b Fotogr. 9
|
| 650 |
0 |
7 |
|a sociálne bývanie
|2 snkbucl
|9 68396
|
| 651 |
|
7 |
|a Košice (Slovensko)
|2 snkbucl
|9 18694
|
| 655 |
|
7 |
|a články z novín a časopisov
|2 snkbucl
|9 267496
|
| 773 |
0 |
|
|t Projekt
|g Roč. 39, č. 6 (1997), s. 40-41
|x 1335-2180
|
| 850 |
|
|
|a Slovenská národná knižnica
|
| 852 |
|
|
|a Slovenská národná knižnica
|
| 954 |
|
|
|a odborná, vedecká literatúra pôvodná (slovenská)
|2 lita
|
| 958 |
|
|
|a article19
|
| 958 |
|
|
|a SK
|
| 958 |
|
|
|a RK
|
| 958 |
|
|
|a OND
|
| 958 |
|
|
|a EUIPO
|
| 992 |
|
|
|a RBX
|
| 999 |
|
|
|c 2811221
|d 2813151
|